| 000 | 00593nam a2200193Ia 4500 | ||
|---|---|---|---|
| 005 | 20260625124658.0 | ||
| 008 | 131103s9999 xx 000 0 und d | ||
| 040 | _aLoreto College | ||
| 041 | _aEnglish | ||
| 082 |
_a808.88 _bBRO |
||
| 245 |
_aHightlights of modern literature _b a permanent collections of memorable essays fromThe New York Times Books Reviews _cedited by Francis Brown |
||
| 260 |
_aNew York _bA Mentor Book _c1954 |
||
| 300 | _a240 p. | ||
| 650 | _aLiterature - | ||
| 651 | _aWriting- Collections - | ||
| 700 | _aBrown, Francis, ed. | ||
| 850 | _aLCLIB | ||
| 942 | _cBK | ||
| 999 |
_c598 _d51077 |
||